000 00763nam a2200253 a 4500
008
020 _a0521389690 (pbk.)
049 _aMAIN
090 _aQH442
_bNOS
100 1 _aNossal, G.J.V.
245 1 0 _aReshaping life :
_bkey issues in genetic engineering /
_cG.J.V. Nossal [and] Ross L. Coppel.
250 _a2nd ed.
260 _aNew York :
_bCambridge University Press,
_c1989.
300 _axii,179 p. :
_bill. ;
_c22 cm.
504 _aIncludes bibliographical references.
500 _aIncludes index.
650 0 _aGenetic engineering.
700 _aCoppel, Ross L.
907 _a.b10330616
_b17-09-13
_c13-05-13
003
005 20230123122009.0
040 _cNUST
942 _cBOOKS
_kQH442
_mNOS
999 _c126012
_d126012